| 000 | 00692nam a2200205 a 4500 | ||
|---|---|---|---|
| 005 | 20240430063821.0 | ||
| 008 | 991125s1957 mx 000 0 spa u | ||
| 035 | _aUPN01000011182 | ||
| 049 | _aCG | ||
| 050 | 4 |
_aJL1215 _bM6.3 |
|
| 100 | 1 |
_aMorales Jiménez, Alberto _929386 |
|
| 245 | 1 | 3 |
_aLa constitución de 1857 : _bensayo histórico jurídico : v.1 / _cAlberto Morales Jiménez. |
| 260 |
_aMéxico : _bInstituto Nacional de la Juventud Mexicana, _c1957. |
||
| 300 | _a185 p. | ||
| 500 | _aDisponible en la Colección Medina | ||
| 610 | 1 | 4 |
_aMéxico _tConstitución (1857) _927639 |
| 650 | 4 |
_aCONSTITUCIONES _910178 |
|
| 651 | 4 |
_aMéxico _xHistoria constitucional _94597 |
|
| 905 | _aLibro | ||
| 999 |
_c11182 _d11182 |
||